000 01051nam a2200289Ia 4500
003 OSt
005 20221007123421.0
006 a|||||r|||| 00| 0
007 ta
008 221006b |||||||| |||| 00| 0 eng d
020 _a8120316010 (pbk)
_cRs.195.00
024 _a11312
037 _bMonika,
_cTextual
040 _aPAPL
_cPAPL
_beng
041 _2eng
_aeng
082 _aC6:(B7:3), M1;N9
100 _aGriffiths David J
_9463957
245 0 _aIntroduction to electrodynamics by David J Griffiths
250 _aEd 3
260 _aNew
_bDelhi Prentice-Hall of India Pvt. Ltd.
_c1999
300 _axv, 576p
_ccm.
500 _a (Reprinted in 2003); ; Appendix A-C, 547-561p; Glossary 562-576p; ^n23/CSL/CARPA/2003-2004/974^mPurchase; ; 2003-04/510^b2003-11-24^c507^d2003-11-17^eRs.1,992.60^fMinika Book Distributors; ; 2004-02-14^bSB^c2004-02-14^dVinay
650 _a Electrodynamics
_9714060
650 _aPhysics
942 _hC6:(B7:3), M1;N9
_cTEXL
_2CC
999 _c1211839
_d1211839